Stati che terminano con la N - Statistics

Statistiche generali
  • Questo quiz è stato fatto 193 volte
  • Il punteggio medio è 14 su 18
Statistiche sulle risposte
Superficie (km²) Popolazione (ab.) Stato % Corretto
199 951 6 608 500 Kirghizistan
96%
447 400 34 438 040 Uzbekistan
96%
488 100 6 431 187 Turkmenistan
95%
652 867 40 721 303 Afghanistan
94%
881 913 233 243 729 Pakistan
92%
143 100 9 313 800 Tagikistan
92%
2 724 900 19 724 856 Kazakistan
91%
86 600 10 095 900 Azerbaigian
88%
1 648 195 86 131 847 Iran
80%
309 500 4 445 262 Oman
79%
114 763 12 114 193 Benin
78%
550 000 29 825 968 Yemen
78%
1 861 484 45 936 533 Sudan
75%
39 384 748 931 Bhutan
70%
786 1 503 091 Bahrein
66%
267 668 2 176 766 Gabon
65%
160 39 719 Liechtenstein
55%
475 442 24 384 251 Camerun
48%
Nessun quiz corrispondente trovato
Distribuzione punteggi
Percentuale di utenti per punteggio
Percentile per numero di risposta
I tuoi punteggi nel tempo
Non hai fatto questo quiz